000 00898nam a22002777a 4500
003 dpl
005 20180605140018.0
008 180605b xxu||||| |||| 00| 0 eng d
010 _aB-147244, B-147263
020 _c00.00
_a0070587248
035 _aB-147263
037 _bCen Lib/Ret
040 _aDPL
_bEN
_c0
082 _a530.12
_bPEL
100 _aPeleg, Yoav
_942188
245 _aQuantum mechanics /
_cby Yoav Peleg, Reuven Pnini [and] Elyahu Zaarur
260 _aNew Delhi
_bTata McGraw-Hill
_c2004
270 _bNew Delhi
_a7 West Patel Nagar
_e110008
300 _avii,312p. :
_c30cm(pbk)
_bill.
500 _aIncludes index
650 _aQuantum theory -- Problems, exercises, etc
_942189
650 _aQuantum theory -- Outlines, syllabi, etc
_942190
700 _aPnini, Reuven
_942191
700 _aZaarur, Elyahu
_942192
942 _2ddc
_cEN
_h530.12
_mPEL
999 _c134929
_d134929